Taylor Swift - Dancing With Our Hands Tied Lyrics - Statistics

General Stats
  • This quiz has been taken 208 times
  • The average score is 368 of 411
Answer Stats
Answer % Correct
I
100%
I–
100%
you
100%
You
100%
a
99%
in
99%
with
99%
an
98%
dancing
98%
Dancing
98%
hands
98%
Hands
98%
love
98%
tied
98%
we
98%
our
97%
were
96%
your
96%
loved
95%
Oh
95%
oh
95%
the
95%
it
94%
yeah
94%
Yeah
94%
me
93%
My
93%
my
93%
to
93%
And
92%
and
92%
had
92%
was
92%
but
91%
But
91%
could
91%
First
91%
first
91%
know?
91%
of
91%
that
91%
who
91%
how
90%
secret
90%
feeling
89%
Like
89%
no
89%
out
89%
reason
88%
time
88%
bad
86%
there
86%
without
86%
If
85%
as
84%
dance
84%
world
84%
invisible
83%
lights
83%
said
82%
I'd
81%
pockets
81%
us
81%
been
80%
kiss
80%
locket
80%
would
80%
again
79%
blue
79%
Could've
79%
Deep
79%
nothing
79%
Picture
79%
went
79%
years
79%
golden
78%
old
78%
painted
78%
stop
78%
water
78%
close
77%
face
77%
forever
77%
held
77%
rushes
77%
can
76%
twenty five
76%
hold
75%
I'm
75%
it's
74%
divide
73%
frozen
72%
room
72%
baby
71%
down
71%
one
71%
So
71%
fears
70%
mess
70%
Say
70%
say
70%
spite
70%
burned
69%
into
68%
oasis
68%
through
68%
'cause
67%
got
67%
sight
67%
wanted
67%
turned
66%
avalanche?
65%
bed
65%
spent
65%
gravity
63%
People
61%
keeping
60%
started
60%
putting
59%
knew
57%
sacred
57%
darling
56%
Swaying
56%
talking
56%
paces
55%
take
55%
No matching quizzes found
Score Distribution
Percent of People with Each Score
Percentile by Number Answered
Your Score History
You have not taken this quiz